Southville International School and Colleges
Your cart is empty.
  • Cart
  • Lists
    Public lists Eva Luna New books Lux_list list_1
    Your lists Log in to create your own lists
  • Log in to your account
  • Your cookies
  • Search history
Southville International School and Colleges
  • Advanced search
  • Recent comments
  • Most popular
  • Libraries

Log in to your account

Log in with GOOGLE


If you do not have an external account, but do have a local account, you can still log in:

  1. Home
  2. MARC view: A Review of the literature relating to psychological interventions and people with intellectual disabilities :
Normal view MARC view ISBD view

A Review of the literature relating to psychological interventions and people with intellectual disabilities : (Record no. 120960)

[ view plain ]
MARC details
000 -LEADER
fixed length control field 00678nam a2200205Ia 4500
008 - FIXED-LENGTH DATA ELEMENTS--GENERAL INFORMATION
fixed length control field 140626s9999 xx 000 0 und d
100 ## - MAIN ENTRY--PERSONAL NAME
Personal name Brown, M.
245 #2 - TITLE STATEMENT
Title A Review of the literature relating to psychological interventions and people with intellectual disabilities :
Remainder of title issues for research, policy, education and clinical practice /
Statement of responsibility, etc M Brown ... [et al.].
260 ## - PUBLICATION, DISTRIBUTION, ETC. (IMPRINT)
Date of publication, distribution, etc c2011.
300 ## - PHYSICAL DESCRIPTION
Extent 15 : 1, page 31
440 ## - SERIES STATEMENT/ADDED ENTRY--TITLE
Title Journal of Intellectual Disabilities
521 ## - TARGET AUDIENCE NOTE
Target audience note
650 ## - SUBJECT ADDED ENTRY--TOPICAL TERM
Topical term or geographic name as entry element Intellectual disability.
650 ## - SUBJECT ADDED ENTRY--TOPICAL TERM
Topical term or geographic name as entry element Interventions.
650 ## - SUBJECT ADDED ENTRY--TOPICAL TERM
Topical term or geographic name as entry element Policy.
650 ## - SUBJECT ADDED ENTRY--TOPICAL TERM
Topical term or geographic name as entry element Psychotherapies.
650 ## - SUBJECT ADDED ENTRY--TOPICAL TERM
Topical term or geographic name as entry element Review.
650 ## - SUBJECT ADDED ENTRY--TOPICAL TERM
Topical term or geographic name as entry element Services.
942 ## - ADDED ENTRY ELEMENTS (KOHA)
Koha item type Periodicals
Holdings
Withdrawn status Lost status Damaged status Home library Current library Shelving location Date acquired Total Checkouts Barcode Date last seen Price effective from Koha item type
      College Library College Library Periodical Section 06/26/2014   S0068 06/26/2014 06/26/2014 Periodicals

A Review of the literature relating to psychological interventions and people with intellectual disabilities :

APA

Brown M., . (2011). A Review of the literature relating to psychological interventions and people with intellectual disabilities. : .

Chicago

Brown M, . 2011. A Review of the literature relating to psychological interventions and people with intellectual disabilities. : .

Harvard

Brown M., . (2011). A Review of the literature relating to psychological interventions and people with intellectual disabilities. : .

MLA

Brown M, . A Review of the literature relating to psychological interventions and people with intellectual disabilities. : . 2011.

  • Place hold
  • Print
  • Cite
  • Add to your cart (remove)
  • Save record
    BIBTEX Dublin Core MARCXML MARC (non-Unicode/MARC-8) MARC (Unicode/UTF-8) MARC (Unicode/UTF-8, Standard) MODS (XML) RIS
  • More searches
    Search for this title in:
    Other Libraries (WorldCat) Other Databases (Google Scholar) Online Stores (Bookfinder.com) Open Library (openlibrary.org)

Exporting to Dublin Core...

SOUTHVILLE LIBRARY

Southville International School and Colleges Library

1281 Tropical Ave. Cor. Luxembourg St., BF Homes International, Las Pinas City

Tel. No. 8256374 / 252358 Loc. 117/146

Powered by Koha